书目信息 |
| 题名: |
历史的风
|
|
| 作者: | 李慎明 主编 | |
| 分册: | ||
| 出版信息: | 北京 人民出版社 2007 |
|
| 页数: | 451页 | |
| 开本: | 24cm | |
| 丛书名: | ||
| 单 册: | ||
| 中图分类: | K512.5 | |
| 科图分类: | ||
| 主题词: | 现代史 | |
| 电子资源: | ||
| ISBN: | 978-7-01-006167-2 | |
| 000 | 00894nam0 2200253 450 | |
| 001 | 1234526716 | |
| 005 | 20121007093621.64 | |
| 010 | @a978-7-01-006167-2@dCNY58.00 | |
| 100 | @a20070327d2007 em y0chiy50 ea | |
| 101 | 0 | @achi |
| 102 | @aCN@b110000 | |
| 105 | @ay z 000yy | |
| 200 | 1 | @a历史的风@Ali shi de feng@e中国学者论苏联解体和对苏联历史的评价@f李慎明主编 |
| 210 | @a北京@c人民出版社@d2007 | |
| 215 | @a451页@d24cm | |
| 330 | @a本书包括:苏联解体的教训、重新评价斯大林、对苏联历史的再认识、当今俄罗斯与苏联解体的教训四部分,收录了30余篇文章。 | |
| 517 | 1 | @a中国学者论苏联解体和对苏联历史的评价@Azhong guo xue zhe lun su lian jie ti he dui su lian li shi de ping jia |
| 606 | 0 | @a现代史 |
| 607 | @a苏联@x现代史@x研究 | |
| 607 | @a苏联 | |
| 690 | @aK512.5@v4 | |
| 701 | 0 | @a李慎明@Ali shen ming@f(1949~)@4主编 |
| 801 | 0 | @aCN@bNLC@c20101222 |
| 905 | @a10447@dK512.5@eJY32 | |
| 历史的风:中国学者论苏联解体和对苏联历史的评价/李慎明主编.-北京:人民出版社,2007 |
| 451页;24cm |
| ISBN 978-7-01-006167-2:CNY58.00 |
| 本书包括:苏联解体的教训、重新评价斯大林、对苏联历史的再认识、当今俄罗斯与苏联解体的教训四部分,收录了30余篇文章。 |
| ● |
| 相关链接 |
|
|
|
|
正题名:历史的风
索取号:K512.5/JY32
 
预约/预借
| 序号 | 登录号 | 条形码 | 馆藏地/架位号 | 状态 | 备注 |
| 1 | 7832298 | 278322986 | 学院路分馆/ [索取号:K512.5/JY32] | 在馆 | |
| 2 | 7832299 | 278322995 | 学院路分馆/ [索取号:K512.5/JY32] | 在馆 |